| 000 | 01024cam a2200313 a 4500 | ||
|---|---|---|---|
| 999 |
_c7842 _d7842 |
||
| 001 | 991030389779706706 | ||
| 003 | OSt | ||
| 005 | 20240109160544.0 | ||
| 008 | 110311s2010 spc ||||| 001 0 spa|c | ||
| 015 |
_aLL2011 _2bnc |
||
| 017 |
_aDL B. 3601-2011 _bBiblioteca de Catalunya |
||
| 020 | _a9788425427596 | ||
| 035 | _a(ES-BaCBU).b48152742 | ||
| 035 | _a(OCoLC)804978210 | ||
| 040 |
_aES-BaCBU _bcat _cCDMR |
||
| 080 | _a860-92"19" | ||
| 100 | 1 |
_aGomis, Llorenç _9492 |
|
| 245 | 1 | 0 |
_aMedio siglo contado con sabio humor : _b100 editoriales de El Ciervo / _cLorenzo Gomis |
| 260 |
_aBarcelona : _bHerder, _ccop. 2010 |
||
| 300 |
_a366 p. ; _c22 cm |
||
| 504 | _aÍndex | ||
| 505 | _aRecull d'articles publicats a la revista "El Ciervo" entre 1957 i 2006. | ||
| 630 | 0 |
_94749 _aEl Ciervo (Revista) |
|
| 740 | 0 | _aCiervo : revista de información general | |
| 907 |
_a.b48152742 _b17-02-21 _c12-03-11 _d13-05-11 _em _fa _g- _hspa _ispc _j0 _k0 |
||
| 908 |
_aUAO _aURL _aUAB _aBC _aBPEB |
||
| 940 | _aBC | ||
| 942 |
_2udc _cMON |
||